[Event "ARG-ch Seniors 65"]
[Site "Buenos Aires"]
[Date "2021.12.10"]
[Round "4"]
[White "Navarro, Alberto"]
[Black "Gallo, Miguel"]
[Result "1/2-1/2"]
[WhiteElo "1687"]
[BlackElo "1710"]
[PlyCount "23"]
[EventDate "2021.12.08"]
[EventType "swiss"]
[EventRounds "7"]
[EventCountry "ARG"]
[SourceTitle "CBM 205 Extra"]
[Source "ChessBase"]
[SourceDate "2022.01.31"]
[SourceVersion "1"]
[SourceVersionDate "2022.01.31"]
[SourceQuality "1"]

1. e4 e5 2. Nf3 Nc6 3. Bc4 Bc5 4. d3 Nf6 5. Nc3 h6 6. 0-0 0-0 7. a3 a6 8. h3 d6 9. Be3 Nd4 10. Bxd4 exd4 11. Ne2 Bd7 12. Nexd4 1/2-1/2